Państwa Europy - Nagła śmierć - Statystyki

Ogólne statystyki
  • Ten quiz został rozwiązany 2 884 razy
    2 854 od ostatniego zresetowania
  • Średni wynik to 10 z 18
Answers on the Grid
Answers color-coded by a green-red scale on the quiz's grid according to % correct below.
Austria
Cypr
Albania
Turcja
Bektaszijja
Australia
Watykan
Algieria
Indie
Egipt
Syria
Izrael
Rosja
Azerbejdżan
Armenia
Gruzja
Włochy
Grecja
Malta
Szwecja
Kazachstan
Hiszpania
Kanada
Wielka Brytania
Maroko
Ukraina
Islandia
Białoruś
Portugalia
Katalonia
Polska
Estonia
Mongolia
Słowenia
Liban
Szkocja
Serbia
Seszele
Iran
 
Statystyki odpowiedzi
Odpowiedź % Poprawnych
Włochy
59%
Białoruś
57%
Portugalia
57%
Rosja
57%
Wielka Brytania
57%
Estonia
56%
Hiszpania
56%
Polska
56%
Ukraina
56%
Watykan
56%
Austria
55%
Grecja
55%
Słowenia
55%
Szwecja
55%
Albania
54%
Serbia
54%
Islandia
52%
Malta
52%
Nie znaleziono quizów pasujących do podanych kryteriów
Rozkład punktacji
Procent ludzi z każdym wynikiem
Percentyl według liczby udzielonych odpowiedzi
Twoja historia wyników
Nie rozwiązałeś tego quizu od ostatniego zresetowania